Arthropod Management in Vineyards Pests, Approaches, and Future Directions

Gespeichert in:
Bibliographische Detailangaben
Format: Buch
Sprache:Slowakisch
Veröffentlicht: : Springer, 2012
Schlagworte:
ISBN:9789400740327
Online-Zugang: Volltext
Tags: Tag hinzufügen
Keine Tags, Fügen Sie den ersten Tag hinzu!

MARC

LEADER 00000nam a2200000 4500
003 SK-BrCVT
005 20220618104919.0
006 m####e######000#0#
007 ta
008 180130s###############e######000#0#slo#d
020 |a 9789400740327 
035 |a CVTIDW04400 
040 |a CVTISR  |b slo  |e AACR2 
080 |a 631*  |a 574  |a 574.1 
245 1 |a Arthropod Management in Vineyards  |b Pests, Approaches, and Future Directions  |c Editors: Noubar J. Bostanian, Charles Vincent, Rufus Isaacs  |h [elektronický zdroj] 
260 |a  :  |b Springer,  |c 2012 
653 1 |a agriculture  |a applied ecology  |a biodiversity  |a entomology 
856 4 |u http://ezproxy.cvtisr.sk/login.php?url=https://ezproxy.cvtisr.sk:2389/book/10.1007/978-94-007-4032-7 
910 |b ZE02695 
919 |a 978-94-007-4032-7 
974 |a gabriela.miklankova  |f Elektronické zdroje 
999 |c 254509  |d 254509